| 000 | 00635nam a2200241Ia 4500 | ||
|---|---|---|---|
| 005 | 20260430150019.0 | ||
| 008 | 008 250103s9999 xx 000 0 eng d | ||
| 037 | _aTheses | ||
| 040 | _aCRL | ||
| 040 | _beng | ||
| 040 | _ceng | ||
| 041 | _2eng | ||
| 041 | _aeng | ||
| 084 | _qCRL | ||
| 100 |
_aChauhan Manu Au.; Varma Suneet Gu. _91236199 |
||
| 245 | 0 | _aSelfhood in the context of panch kosha doctrine of Indian Psychology | |
| 260 | _c2022 | ||
| 300 | _a77p. | ||
| 650 | _aPsychology | ||
| 700 |
_aUniversity of Delhi. Faculty of Arts. Department of Psychology _9169789 |
||
| 942 | _cTH | ||
| 999 |
_c1848728 _d1848728 |
||